000
00293nam a22001337a 4500
008
181101b xxu||||| |||| 00| 0 eng d
020
_a
42096
041
_a
eng
080
_a
574
100
_a
9
101
_a
MJE
245
_a
Development in Flowering Plants
_c
Torrey, J.G
942
_2
udc
_c
BK
999
_c
51539
_d
51539